Welcome to the Holygrace Academy Library

Please use search bar below to get started

PHENOMENAL F.A. CUP (Record no. 5765)

MARC details
000 -LEADER
fixed length control field 00342nam a22001457a 4500
020 ## - INTERNATIONAL STANDARD BOOK NUMBER
ISBN 0-439-99498-5
082 ## - DEWEY DECIMAL CLASSIFICATION NUMBER
Classification number 823
Item number COL/P
100 ## - MAIN ENTRY--AUTHOR NAME
Personal name COLEMAN, MICHEL
245 ## - TITLE STATEMENT
Title PHENOMENAL F.A. CUP
Remainder of title FOUL FOOTBALL
260 ## - PUBLICATION, DISTRIBUTION, ETC. (IMPRINT)
Place of publication NEW DELHI
Name of publisher SCHOLASTIC LTD
Year of publication 2001
300 ## - PHYSICAL DESCRIPTION
Number of Pages 127
520 ## - SUMMARY, ETC.
Summary, etc FOOTBALL STORY
650 ## - SUBJECT ADDED ENTRY--TOPICAL TERM
Topical Term FOOTBALL STORY
942 ## - ADDED ENTRY ELEMENTS (KOHA)
Koha item type Books
Holdings
Withdrawn status Lost status Collection code Home library Current library Shelving location Date acquired Source of acquisition Full call number Accession Number Koha item type
    Fiction Main Library Main Library SHELF 4-C HORRIBLE HISTORIES 01/02/2019 Purchase 823 COL/P 10968 Books